000 00751nam a2200193 a 4500
001 000261232
003 AM-YeHGA
005 20250618071740.0
008 030911s1992 ai 000 | arm d
020 _a5807906276
040 _aAM-YeHGA
100 1 _aԳրիգորյան, Հովհաննես Երվանդի,
_d1945-2013
_91645
245 1 0 _aՀրեշտակներ մանկության երկնքից :
_b[Բանաստեղծություններ] /
_cՀովհ. Գրիգորյան; Խմբ.՝ Հ. Ստեփանյան.
260 _aԵրևան :
_bԶվարթնոց,
_c1992.
300 _a183 էջ :
_bգծանկ. ;
_c17 սմ.
650 1 4 _aՀայ գրականություն
_xՊոեզիա
700 1 _aՍտեփանյան, Հ.
_eխմբ.
_4edt
090 _c95782
999 _c94481
_d94481